| 000 | 01468nam a2200385Ii 4500 | ||
|---|---|---|---|
| 001 | DIGPOLIF0065 | ||
| 003 | NyNyDIG | ||
| 006 | m o d | ||
| 007 | cr ||||||||||| | ||
| 008 | 131001s2009 sp a ob f001 0 spa d | ||
| 020 | _z9788496813236 | ||
| 020 | _z8496813231 | ||
| 035 | _a(OCoLC)888274068 | ||
| 040 |
_aDGITA _beng _epn _cDGITA |
||
| 043 | _ae-sp--- | ||
| 050 | 1 | 4 | _aU800 eBook |
| 100 | 1 | _aQuesada Sanz, Fernando. | |
| 245 | 1 | 0 |
_aUltima ratio regis : _bcontrol y prohibición de las armas desde la Antigüedad a la Edad Edad Moderna / _cFernando Quesada Sanz. |
| 264 | 1 |
_aMadrid _bEdiciones Polifemo : _bMinisterio de Asuntos Exteriores de España: _bAgencia Española de Cooperación Internacional, _c2009. |
|
| 300 |
_a1 online resource (487 pages) : _bill. |
||
| 336 |
_atext _btxt _2rdacontent |
||
| 337 |
_acomputer _bc _2rdamedia |
||
| 338 |
_aonline resource _bcr _2rdacarrier |
||
| 504 | _aIncludes bibliographical references (p. 444-487). | ||
| 650 | 0 |
_aWeapons _xLaw and legislation _xHistory. |
|
| 650 | 0 |
_aMilitary weapons _xLaw and legislation _xHistory. |
|
| 650 | 0 |
_aArmor _xHistory. |
|
| 650 | 0 |
_aMilitary art and science _xHistory. |
|
| 655 | 0 | _aElectronic books. | |
| 791 | 2 |
_aDigitalia (Firm), _edistributor. |
|
| 793 | 0 |
_gDigitalia eBook Collection: _aEdiciones Polifemo. |
|
| 856 | 4 | 0 |
_3Digitalia Hispánica _uhttps://www.digitaliapublishing.com/a/18956/ |
| 910 | _aPremium Collection: 2007-2012 | ||
| 942 | _cRAA | ||
| 999 |
_c236183 _d236183 |
||